00555nam a2200157Ia 4500008004100000020001800041100001800059245002500077260002700102500002400129650002800153942000700181952010800188952008400296999001700380230524s9999 xx 000 0 und d a9788189998301 aNapoleon Hill 0aThink and Grow Rich bThree Ess Publications aQuantity Number: 2 aPersonality Development cBK 00104070aTATCLbTATCLcGENd2023-05-24l1p44998q2023-06-13r2024-01-31s2024-01-31w2023-05-24yBK 00104070aTATCLbTATCLcGENd2023-05-24l0p53441r2023-05-24w2023-05-24yBK c50696d50696